UBT Library

A life in our times : (Record no. 40733)

000 -LEADER
fixed length control field 00604cam a2200229 i 4500
001 - CONTROL NUMBER
control field 4190754
005 - DATE AND TIME OF LATEST TRANSACTION
control field 20180123041658.0
008 - FIXED-LENGTH DATA ELEMENTS--GENERAL INFORMATION
fixed length control field 801124s1981 mau 001 0aeng
010 ## - LIBRARY OF CONGRESS CONTROL NUMBER
LC control number 80027373
020 ## - INTERNATIONAL STANDARD BOOK NUMBER
International Standard Book Number 0395305098 :
Terms of availability $16.95
020 ## - INTERNATIONAL STANDARD BOOK NUMBER
International Standard Book Number 0395311357 (special ed.) :
Terms of availability $35.00
040 ## - CATALOGING SOURCE
Original cataloging agency DLC
Transcribing agency DLC
Modifying agency DLC
041 ## - LANGUAGE CODE
Language code of text/sound track or separate title eng
043 ## - GEOGRAPHIC AREA CODE
Geographic area code n-us---
080 ## - UNIVERSAL DECIMAL CLASSIFICATION NUMBER
Universal Decimal Classification number 330.0924
082 00 - DEWEY DECIMAL CLASSIFICATION NUMBER
Classification number 330.0924 GAL
-- B
Edition number 19
100 1# - Rafti
Rafti 19
101 ## - Shkurtesa
Shkurtesa SHP
245 12 - TITLE STATEMENT
Title A life in our times :
Statement of responsibility, etc John Kenneth Galbraith.
906 ## - LOCAL DATA ELEMENT F, LDF (RLIN)
a 7
b cbc
c orignew
d u
e ocip
f 19
g y-gencatlg
942 ## - ADDED ENTRY ELEMENTS (KOHA)
Source of classification or shelving scheme
Item type Books
Holdings
Withdrawn status Lost status Source of classification or shelving scheme Damaged status Not for loan Collection code Permanent location Current location Shelving location Date acquired Total Checkouts Full call number Barcode Date last seen Price effective from Koha item type
          Koleksioni i përgjithshem UBT - Lipjan UBT - Lipjan Koleksioni i përgjithshem 01/23/2018   330.0924 GAL 002-2996294 01/23/2018 01/23/2018 Books
UBT Library © 2015-2024. All rights reserved University Education for Business and Technology